AutoCAD 2011 tutor for engineering graphics / (Record no. 139849)

MARC details
000 -LEADER
fixed length control field 00792cam a2200241 a 4500
001 - CONTROL NUMBER
control field vtls003221677
003 - CONTROL NUMBER IDENTIFIER
control field MY-SjTCS
005 - DATE AND TIME OF LATEST TRANSACTION
control field 20200226114907.0
008 - FIXED-LENGTH DATA ELEMENTS--GENERAL INFORMATION
fixed length control field 110802s2011 nyua 001 0 eng
020 ## - INTERNATIONAL STANDARD BOOK NUMBER
International Standard Book Number 9781111135898 (pbk.)
020 ## - INTERNATIONAL STANDARD BOOK NUMBER
International Standard Book Number 1111135894 (pbk.)
039 #9 - LEVEL OF BIBLIOGRAPHIC CONTROL AND CODING DETAIL [OBSOLETE]
Level of rules in bibliographic description 201212011612
Level of effort used to assign nonsubject heading access points shuhada
Level of effort used to assign subject headings 201110121113
Level of effort used to assign classification wilmina
-- 201108021405
-- malathy
082 04 - DEWEY DECIMAL CLASSIFICATION NUMBER
Classification number 620.0042
Item number KAL 2011
100 1# - MAIN ENTRY--PERSONAL NAME
Personal name Kalameja, Alan J.
9 (RLIN) 5101
245 10 - TITLE STATEMENT
Title AutoCAD 2011 tutor for engineering graphics /
Statement of responsibility, etc. Alan J. Kalameja, Kevin Lang.
260 ## - PUBLICATION, DISTRIBUTION, ETC.
Place of publication, distribution, etc. Clifton Park, NY :
Name of publisher, distributor, etc. Delmar Cengage Learning,
Date of publication, distribution, etc. c2011.
300 ## - PHYSICAL DESCRIPTION
Extent xx, 1052 p. :
Other physical details ill. ;
Dimensions 28 cm.
500 ## - GENERAL NOTE
General note Includes index.
630 00 - SUBJECT ADDED ENTRY--UNIFORM TITLE
Uniform title AutoCAD.
9 (RLIN) 2683
650 #0 - SUBJECT ADDED ENTRY--TOPICAL TERM
Topical term or geographic name entry element Computer-aided design.
700 1# - ADDED ENTRY--PERSONAL NAME
Personal name Lang, Kevin.
9 (RLIN) 54720
920 ## - Programme
Programme ADTP : 169649
Holdings
Withdrawn status Lost status Source of classification or shelving scheme Damaged status Not for loan Collection code Home library Current library Date acquired Total Checkouts Barcode Date last seen Copy number Koha item type Public note
Withdrawn   Dewey Decimal Classification     Please fill up online form at https://taylorslibrary.taylors.edu.my/services/external_storage1 Taylor's Library-TU TU External Storage-LCS 10/10/2011   5000123782 05/12/2019 1 Main Collection SLASx,05000,03,CL